| 000 | 01518nam a22003617a 4500 | ||
|---|---|---|---|
| 001 | 4679613 | ||
| 003 | OSt | ||
| 005 | 20210414110019.0 | ||
| 008 | 811019s1982 enk 000 1 eng | ||
| 010 | _a 81016982 | ||
| 020 | _a0192815849 (U.S. : pbk.) | ||
| 040 |
_aDLC _cDLC _dDLC _beng |
||
| 041 |
_aeng _hrus |
||
| 050 | 0 | 0 |
_aPG3366.A15 _bM38 1982 |
| 080 |
_a821.111 _bT-71 |
||
| 082 | 0 | 0 |
_a891.73/3 _219 |
| 100 | 1 |
_aTolstoy, Leo, _cgraf, _d1828-1910. |
|
| 240 | 1 | 0 |
_aShort stories. _kSelections. _lEnglish |
| 245 | 1 | 4 |
_aThe raid and other stories / _cLeo Tolstoy ; translated by Louise and Aylmer Maude ; with an introduction by P.N. Furbank. _b; / by Oxford University Press |
| 260 |
_aOxford ; _aNew York _bOxford University Press _c1982. |
||
| 300 |
_axiv, 286 p. _c19 cm. |
||
| 365 | _b4.99 usd | ||
| 440 | 4 | _aThe World's classics | |
| 505 | 0 | _aThe raid -- Sevastopol in May 1855 -- Two hussars -- Albert -- What men live by -- Master and man -- How much land does a man need? -- The death of Ivan Ilych -- The three hermits. | |
| 600 | 1 | 0 |
_aTolstoy, Leo, _cgraf, _d1828-1910 _xTranslations into English. |
| 650 | 0 |
_9254 _aEnglish literature |
|
| 653 | _aინგლისური ლიტერატურა | ||
| 700 | 1 |
_aMaude, Louise, _d1855-1939. _eTranslator |
|
| 700 | 1 |
_aMaude, Aylmer, _d1858-1938. _eTranslator |
|
| 856 | 4 | 2 |
_3Publisher description _uhttp://www.loc.gov/catdir/enhancements/fy0639/81016982-d.html |
| 906 |
_a7 _bcbc _corignew _d1 _eocip _f19 _gy-gencatlg |
||
| 942 |
_2udc _cBK |
||
| 999 |
_c2056 _d2056 |
||